000 00703nam a2200253Ia 4500
003 OSt
005 20220927111059.0
006 a|||||r|||| 00| 0
007 ta
008 220926b |||||||| |||| 00| 0 eng d
024 _a72894
037 _cReports
040 _aRTL
_cRTL
_beng
041 _2eng
_aeng
082 _a"X72.1-1.N7, M0"
100 _aKaldor Nicholas
_9381246
245 0 _aReports on taxation
_bReports to foreign governments
260 _aLondon
_bDuckworth UK
_c1980
300 _a365p.
_ccm.
490 _aKaldor (Nicholas) Collected economic essays.8
650 _aTax
942 _h"X72.1-1.N7, M0"
_cCC
999 _c698605
_d698605